Localisation of function - Statistics

General Stats
  • This quiz has been taken 5 times
  • The average score is 6 of 16
Answer Stats
Hint Answer % Correct
this showed that Broca's area is responsible for speech production
100%
Who was Broca's most famous patient known as (this was the only word he could say) Tan
100%
it isolated the... cingulate gyrus
50%
and Wernicke's area for comprehension
50%
What area of the brain did Phineas Cage damage? frontal lobe
50%
Where is the motor area located frontal lobe
50%
and Wernicke's area was activated during listening
50%
Where is the visual area located occipital lobe
50%
Peterson showed that Broca's area was activated during reading
50%
The surgery done was called... cingulotomy
0%
Each eye sends information from the right visual field to the left visual cortex (area) and vice versa. What is this process called? contralateral processing
0%
who said that language relies on a distributed network? Dick and Tremblay
0%
Who did the study about surgery for treating 44 OCD and link to localisation of function Dougherty et al
0%
who had the view that brain functions were holistic and removed parts of rats brain to show this (their maze navigation was impaired but not entirely distrupted) Lashley
0%
Where is the somatosensory area located parietal lobe
0%
Where is the auditory area located temporal lobe
0%
No matching quizzes found
Score Distribution
Percent of People with Each Score
Percentile by Number Answered
Your Score History
You have not taken this quiz